The coldest place on earth / (Record no. 8502)
[ view plain ]
| 000 -LEADER | |
|---|---|
| fixed length control field | 01248nam a22002657a 4500 |
| 001 - CONTROL NUMBER | |
| control field | 8502 |
| 003 - CONTROL NUMBER IDENTIFIER | |
| control field | FISKH |
| 005 - DATE AND TIME OF LATEST TRANSACTION | |
| control field | 20250916115524.0 |
| 008 - FIXED-LENGTH DATA ELEMENTS--GENERAL INFORMATION | |
| fixed length control field | 250916b cb ||||| |||| 00| 0 eng d |
| 020 ## - INTERNATIONAL STANDARD BOOK NUMBER | |
| International Standard Book Number | 9780194789035 |
| 040 ## - CATALOGING SOURCE | |
| Original cataloging agency | FISKH |
| Language of cataloging | eng |
| Transcribing agency | FISKH |
| Modifying agency | FISKH |
| 050 ## - LIBRARY OF CONGRESS CALL NUMBER | |
| Classification number | PE1128.V4 |
| 082 ## - DEWEY DECIMAL CLASSIFICATION NUMBER | |
| Classification number | 428 |
| 100 ## - MAIN ENTRY--PERSONAL NAME | |
| Personal name | Vicarym, Tim |
| 245 ## - TITLE STATEMENT | |
| Title | The coldest place on earth / |
| Statement of responsibility, etc. | Tim Vicary |
| 260 ## - PUBLICATION, DISTRIBUTION, ETC. | |
| Place of publication, distribution, etc. | New York : |
| Name of publisher, distributor, etc. | Oxford, |
| Date of publication, distribution, etc. | 2008. |
| 300 ## - PHYSICAL DESCRIPTION | |
| Extent | 56 pages : |
| Other physical details | illustrations ; |
| Dimensions | 20 cm |
| 505 ## - FORMATTED CONTENTS NOTE | |
| Formatted contents note | J<br/> |
| 520 ## - SUMMARY, ETC. | |
| Summary, etc. | This award-winning collection of adapted classic literature and original stories develops reading skills for low-beginning through advanced students. Accessible language and carefully controlled vocabulary build students' reading confidence. Introductions at the beginning of each story, illustrations throughout, and glossaries help build comprehension. Before, during, and after reading activities included in the back of each book strengthen student comprehension. Audio versions of selected titles provide great models of intonation and pronunciation of difficult words. |
| 521 8# - TARGET AUDIENCE NOTE | |
| Target audience note | 490<br/> |
| Source | Lexile<br/> |
| 521 8# - TARGET AUDIENCE NOTE | |
| Target audience note | J<br/> |
| Source | Raz-Plus<br/> |
| 650 ## - SUBJECT ADDED ENTRY--TOPICAL TERM | |
| Topical term or geographic name entry element | Multicultural |
| Form subdivision | Adventure |
| General subdivision | Mystery |
| 942 ## - ADDED ENTRY ELEMENTS (KOHA) | |
| Source of classification or shelving scheme | Dewey Decimal Classification |
| Koha item type | Books |
| Suppress in OPAC | No |
| Withdrawn status | Lost status | Source of classification or shelving scheme | Damaged status | Not for loan | Collection | Home library | Current library | Shelving location | Date acquired | Total Checkouts | Full call number | Barcode | Date last seen | Date last checked out | Copy number | Price effective from | Koha item type |
|---|---|---|---|---|---|---|---|---|---|---|---|---|---|---|---|---|---|
| Dewey Decimal Classification | Non-Fiction | Footprints International School Library Network Toul Tom Poung Campus | Footprints International School Library Network Toul Tom Poung Campus | TTP Primary Dark Blue Bookshelves | 09/16/2025 | 2 | VIC 428 PE1128.V4 | FIS00268 | 11/10/2025 | 09/30/2025 | 1 | 09/16/2025 | Books |
